00481 a2200169 450000100060000002000180000604000240002410000240004824000350007224500300010730000060013736200090014365000310015294200070018395201040019099900170029446475 a9788578480646 cAnchieta - Aquarius aVillas Boas, Marion10aO menino que queria saberlpor10aO menino que queria saber a 0 a2011 4aLiteratura infanto-juvenil cBK 00104070a87.1b87.1d2023-11-21l0o028.5 VIL MENp4338/AQUr2023-11-21 15:13:00w2023-11-21yBK c46475d46475